| 000 -LEADER |
| fixed length control field |
02471cam a22004334a 4500 |
| 001 - CONTROL NUMBER |
| control field |
15426178 |
| 003 - CONTROL NUMBER IDENTIFIER |
| control field |
NUST |
| 005 - DATE AND TIME OF LATEST TRANSACTION |
| control field |
20220202115343.0 |
| 008 - FIXED-LENGTH DATA ELEMENTS--GENERAL INFORMATION |
| fixed length control field |
080825s2009 gw a b 100 0 eng |
| 010 ## - LIBRARY OF CONGRESS CONTROL NUMBER |
| LC control number |
2008936031 |
| 020 ## - INTERNATIONAL STANDARD BOOK NUMBER |
| International Standard Book Number |
9783540858423 |
| 020 ## - INTERNATIONAL STANDARD BOOK NUMBER |
| International Standard Book Number |
3540858423 |
| 038 ## - RECORD CONTENT LICENSOR |
| Staff Name |
Rani Shaista Kanwal |
| 040 ## - CATALOGING SOURCE |
| Original cataloging agency |
DLC |
| Transcribing agency |
DLC |
| Modifying agency |
DLC |
| 050 00 - LIBRARY OF CONGRESS CALL NUMBER |
| Classification number |
QH442.6 |
| Item number |
.G464 2009 |
| 082 00 - DEWEY DECIMAL CLASSIFICATION NUMBER |
| Classification number |
636.0821 |
| Edition number |
22 |
| 245 00 - TITLE STATEMENT |
| Title |
Genetic engineering in livestock : |
| Remainder of title |
new applications and interdisciplinary perspectives / |
| Statement of responsibility, etc. |
M. Engelhard, K. Hagen, M. Boysen, (eds.). |
| 260 ## - PUBLICATION, DISTRIBUTION, ETC. |
| Place of publication, distribution, etc. |
Berlin : |
| Name of publisher, distributor, etc. |
Springer, |
| Date of publication, distribution, etc. |
c2009. |
| 300 ## - PHYSICAL DESCRIPTION |
| Extent |
xiv, 143 p. : |
| Other physical details |
ill. ; |
| Dimensions |
24 cm. |
| 490 1# - SERIES STATEMENT |
| Series statement |
Ethics of science and technology assessment, |
| International Standard Serial Number |
1860-4803 ; |
| Volume/sequential designation |
v. 34 |
| 500 ## - GENERAL NOTE |
| General note |
"[S]ymposium on "New applications of livestock genetic engineering" that took place from 21st to 22nd of September 2007 in Berlin. The results of the symposium are published in these proceedings"--P. [vii]. |
| 504 ## - BIBLIOGRAPHY, ETC. NOTE |
| Bibliography, etc. note |
Includes bibliographical references. |
| 505 00 - FORMATTED CONTENTS NOTE |
| Title |
Transgenic farm animals : current status and perspectives for agriculture and biomedicine / |
| Statement of responsibility |
Heiner Niemann, Wilfried Kues, Joseph W. Carnwath -- |
| Title |
Methods to generate transgenic animals / |
| Statement of responsibility |
Louis-Marie Houdebine -- |
| Title |
Animal pharming : past experience and future prospects / |
| Statement of responsibility |
Angelika Schnieke -- |
| Title |
Market development of biopharmaceuticals / |
| Statement of responsibility |
Gary Walsh -- |
| Title |
Ethical aspects of livestock genetic engineering / |
| Statement of responsibility |
Matthias Kaiser -- |
| Title |
Assessing the welfare of transgenic farm animals / |
| Statement of responsibility |
Cornelis G. Van Reenen. |
| 563 ## - BINDING INFORMATION |
| Binding note |
HB |
| 650 #0 - SUBJECT ADDED ENTRY--TOPICAL TERM |
| Topical term or geographic name entry element |
Livestock |
| General subdivision |
Genetic engineering |
| Form subdivision |
Congresses. |
| 9 (RLIN) |
88721 |
| 650 #0 - SUBJECT ADDED ENTRY--TOPICAL TERM |
| Topical term or geographic name entry element |
Transgenic animals |
| Form subdivision |
Congresses. |
| 9 (RLIN) |
88722 |
| 650 #0 - SUBJECT ADDED ENTRY--TOPICAL TERM |
| Topical term or geographic name entry element |
Genetic engineering |
| General subdivision |
Moral and ethical aspects |
| Form subdivision |
Congresses. |
| 9 (RLIN) |
88723 |
| 650 #0 - SUBJECT ADDED ENTRY--TOPICAL TERM |
| Topical term or geographic name entry element |
Animal biotechnology |
| Form subdivision |
Congresses. |
| 9 (RLIN) |
88724 |
| 700 1# - ADDED ENTRY--PERSONAL NAME |
| Personal name |
Engelhard, M. |
| Fuller form of name |
(Margret) |
| 9 (RLIN) |
88725 |
| 700 1# - ADDED ENTRY--PERSONAL NAME |
| Personal name |
Hagen, Kristin. |
| 9 (RLIN) |
88726 |
| 700 1# - ADDED ENTRY--PERSONAL NAME |
| Personal name |
Boysen, M. |
| Fuller form of name |
(Mathias) |
| 9 (RLIN) |
88727 |
| 830 #0 - SERIES ADDED ENTRY--UNIFORM TITLE |
| Uniform title |
Wissenschaftsethik und Technikfolgenbeurteilung ; |
| Volume/sequential designation |
Bd. 34. |
| 9 (RLIN) |
88728 |
| 856 41 - ELECTRONIC LOCATION AND ACCESS |
| Materials specified |
Table of contents only |
| Uniform Resource Identifier |
<a href="http://www.loc.gov/catdir/enhancements/fy0910/2008936031-t.html">http://www.loc.gov/catdir/enhancements/fy0910/2008936031-t.html</a> |
| 856 42 - ELECTRONIC LOCATION AND ACCESS |
| Materials specified |
Publisher description |
| Uniform Resource Identifier |
<a href="http://www.loc.gov/catdir/enhancements/fy0910/2008936031-d.html">http://www.loc.gov/catdir/enhancements/fy0910/2008936031-d.html</a> |
| 906 ## - LOCAL DATA ELEMENT F, LDF (RLIN) |
| a |
7 |
| b |
cbc |
| c |
origres |
| d |
2 |
| e |
ncip |
| f |
20 |
| g |
y-gencatlg |
| 942 ## - ADDED ENTRY ELEMENTS (KOHA) |
| Source of classification or shelving scheme |
|
| Koha item type |
Book |